Part reduite de l'appropriation collective (La): vers un deficit democratique de l'espace mediatique? (Record n. 80432)

Dettagli MARC
000 -LEADER
fixed length control field 01223nam a2200289Ia 4500
001 - CONTROL NUMBER
control field G3579
003 - CONTROL NUMBER IDENTIFIER
control field IT-RoPAU
008 - FIXED-LENGTH DATA ELEMENTS--GENERAL INFORMATION
fixed length control field 130308s9999 xx 000 0 und d
040 ## - CATALOGING SOURCE
Original cataloging agency IT-RoPAU
040 ## - CATALOGING SOURCE
Transcribing agency IT-RoPAU
041 ## - LANGUAGE CODE
Language code of text/sound track or separate title FRANCESE
100 ## - MAIN ENTRY--PERSONAL NAME
Personal name Senecal Michel
100 ## - MAIN ENTRY--PERSONAL NAME
Miscellaneous information Codice Aut. SPICS: 21964
245 ## - TITLE STATEMENT
Title Part reduite de l'appropriation collective (La): vers un deficit democratique de l'espace mediatique?
245 ## - TITLE STATEMENT
Remainder of title Vers Une Citoyennete' Simulee: Medias, Reseaux et Mondialisation
250 ## - EDITION STATEMENT
Edition statement 1a ed.
260 ## - PUBLICATION, DISTRIBUTION, ETC. (IMPRINT)
Place of publication, distribution, etc. RENNES
260 ## - PUBLICATION, DISTRIBUTION, ETC. (IMPRINT)
Name of publisher, distributor, etc. Apogee
260 ## - PUBLICATION, DISTRIBUTION, ETC. (IMPRINT)
Date of publication, distribution, etc. 1999 [1° Ed.:1999 - Ed.Ling.Originale:1999]
300 ## - PHYSICAL DESCRIPTION
Extent "21 p. (prefazione: no ; testo: 21 [pagine: 183-203])"
500 ## - GENERAL NOTE
General note Parte Ridotta dell'Appropriazione Collettiva: Verso un Deficit Democraticodello Spazio Mediatico? Oltre le Metafore. nuove tecnologie e vecchie Tensioni. Instabilità Alle Risonanze Storiche. Retorica Esclusiva del Mercato.Politiche di Aggiustamento Dello Stato. Neutralizzare Il Deficit Democratico. Libertà di Espressione: un Concetto a logiche Variabili.
650 ## - SUBJECT ADDED ENTRY--TOPICAL TERM
Topical term or geographic name as entry element SOCIOLOGIA DELLA COMUNICAZIONE SOCIALE
650 ## - SUBJECT ADDED ENTRY--TOPICAL TERM
Relator term Codice materia Spics: 3806
942 ## - ADDED ENTRY ELEMENTS (KOHA)
Koha item type LIBRO
957 ## -
-- 1
999 ## - SYSTEM CONTROL NUMBERS (KOHA)
-- 1
Dati di copia
Withdrawn status Lost status Damaged status Not for loan Home library Current library Date acquired Total Checkouts Full call number Date last seen Price effective from Koha item type Public note
    Buone Condizioni Not For Loan SPICS-MEDIATECA SPICS-MEDIATECA 08/03/2013   G3579 08/03/2013 08/03/2013 LIBRO Progressivo inserimento: 14629 / N. Volumi: 0 [=Contributo] Copie: 1 / data import: 1 marzo 2013 - By Epidotti, Trombetti, Vaglietti.
CREDITS: SOCIETA' SAN PAOLO Via A.Severo, 58 - ROMA (RM) & PERIODICI SAN PAOLO SRL Via Giotto, 36 MILANO & CISF Via Giotto, 36 MILANO & EDIZIONI SAN PAOLO SRL,  Piazza Soncino, 5 CINISELLO BALSAMO (MI) -- ITALY